|
|
|
|
| LEADER |
00000cam a2200000 a 4500 |
| 001 |
54054 |
| 003 |
CZ-ZlUTB |
| 005 |
20190826002009.0 |
| 007 |
ta |
| 008 |
031208s1988 bw ad f p 000 0 rus |
| 020 |
|
|
|a 5343003362
|q (váz.)
|
| 040 |
|
|
|a ABA001
|b cze
|c ABA001
|d ABA001
|d ZLD002
|
| 072 |
|
7 |
|a 678
|x Průmysl makromolekulárních látek. Gumárenský průmysl. Průmysl plastů
|2 Konspekt
|9 19
|
| 080 |
|
|
|a 678.7/.8
|2 MRF
|
| 080 |
|
|
|a 539.2/.5
|2 MRF
|
| 080 |
|
|
|a 544.52
|2 MRF
|
| 080 |
|
|
|a (035)
|2 MRF
|
| 245 |
0 |
0 |
|a Svetočuvstvitel'nyje materialy na osnove polimerov s kislotnymi gruppami /
|c I.N. Jermolenko ... [et al.]
|
| 260 |
|
|
|a Minsk :
|b Nauka i technika,
|c 1988
|
| 300 |
|
|
|a 263 s. :
|b il. ;
|c 21 cm
|
| 500 |
|
|
|a Nad názvem uvedeno: Akademija nauk Belorusskoj SSR. Institut obščej i neorganičeskoj chimii
|
| 504 |
|
|
|a Obsahuje bibliografii
|
| 650 |
0 |
7 |
|a polymery
|7 ph124310
|2 czenas
|
| 650 |
0 |
7 |
|a fyzikální vlastnosti materiálů
|7 ph392377
|2 czenas
|
| 650 |
0 |
7 |
|a fotochemie
|7 ph120320
|2 czenas
|
| 650 |
0 |
9 |
|a polymers
|2 eczenas
|
| 650 |
0 |
9 |
|a physical properties of materials
|2 eczenas
|
| 650 |
0 |
9 |
|a photochemistry
|2 eczenas
|
| 655 |
|
7 |
|a příručky
|7 fd133209
|2 czenas
|
| 655 |
|
9 |
|a handbooks, manuals, etc
|2 eczenas
|
| 700 |
1 |
|
|a Jermolenko, Igor' Nikolajevič
|4 aut
|
| 710 |
2 |
|
|a Akademìja navuk Belaruskaj SSR
|7 ko2004230799
|
| 910 |
|
|
|a ZLD002
|
| 952 |
|
|
|0 0
|1 0
|4 0
|6 678SVETOČUVSTVITELNYJE
|7 0
|8 BOOK
|9 98823
|a UTBZL
|b UTBZL
|c 030
|d 2009-11-20
|l 0
|o 678/SVETOČUVSTVITEL'NYJE
|p 420010128437
|r 2019-08-26 00:00:00
|v 28.00
|w 2019-08-26
|x N: převod SPUR | 20100831
|y 05
|
| 990 |
|
|
|a SPUR
|
| 992 |
|
|
|a BK
|b SK
|c SPUR
|
| 998 |
|
|
|a 001484426
|
| 999 |
|
|
|c 54054
|d 54054
|